000 00190 a2200097 4500
001 9322
100 _aRussel
245 _aIf I forget thee.
260 _a
_bCassell
_c
090 _c7492
_d7492
942 _aNUST-CAE
_cM
_c34147
999 _c244395
_d244395